000 00476nam a2200193Ia 4500
003 OSt
005 20250802100419.0
008 250729s2005 xx 000 0 und d
020 _a978-8171417988
040 _cAL
041 _aeng
082 _a377.1 NARE
100 _aNarasaiah M. L.
_9220745
245 _aEducation and human rights
260 _aNew Delhi
_bDiscovery Publishing House
_c2005
300 _a125p
650 _aEducation
_9220746
942 _2ddc
_cBED
999 _c234714
_d234714